00917nam a2200229 a 4500001001000000003000500010005001700015008004100032010001100073011001100084040000900095100003700104245017800141260004100319500006000360502008400420650004100504650002400545650002600569650002200595856007000617000109268CHAP20220329144044.0140415s2013 mx sm |||||||spa d a105730 a106702 cCHAP1 aGodínez Aguilar, Julio César10aCaracterización morfologica y busqueda de genes de resistencia en jitomate (Solanum lycopersicum L.) nativo de Méxicoh[En línea]cpor Julio César Godínez Aguilar. aChapingo, Méx. :bEl autor,c2013. aPara ver el contenido del material haga clic en la liga aTesis (M. C. en Biotecnología Agrícola) -- UACH. Departamento de Fitotecnia14aTomatexFisiología y morfología.14aTomatexGenética.14aTomatexMejoramiento.14aTomatexMéxico. aFinding aiduhttp://10.13.5.2/tesis/sist109268.pdfzTeclea aquí